01323nam a22003254a 4500001001200000003000800012006001900020007001500039008004100054010001700095020003600112020003500148040002100183035002000204050002500224082001900249245011300268260008700381300002300468504005100491533015200542650004000694650003000734655002900764700002400793700002000817710001700837856012600854999001700980ebr10016096CaPaEBRm u cr cn|||||||||000707s2000 dcua sb 001 0 eng  z 00058657  z0844741337 (cloth : alk. paper) z0844741345 (pbk. : alk. paper) aCaPaEBRcCaPaEBR a(OCoLC)7073175914aJK2281b.P395 2000eb04a324.7/097322104aThe permanent campaign and its futureh[electronic resource] /cNorman J. Ornstein, Thomas E. Mann, editors. aWashington, D.C. :bAmerican Enterprise Institute :bBrookings Institution,c2000. aix, 247 p. :bill. aIncludes bibliographical references and index. aElectronic reproduction.bPalo Alto, Calif. :cebrary,d2013.nAvailable via World Wide Web.nAccess may be limited to ebrary affiliated libraries. 0aPolitical campaignszUnited States. 0aDemocracyzUnited States. 7aElectronic books.2local1 aOrnstein, Norman J.1 aMann, Thomas E.2 aebrary, Inc.40uhttp://site.ebrary.com/lib/rucke/Doc?id=10016096zAn electronic book accessible through the World Wide Web; click to view c26078d26078